02572agaaa2200313 45000010005000000030009000050050017000140070009000310080040000400400023000800410013001031000044001161300039001602400037001992450222002362460030004582500022004882600109005103000034006195080169006535110092008225201088009145380016020025460013020186500056020317000056020877000060021437000055022034676IT-RoPAU20220918181253.0d cvaizq50131s9999||||xx ||| | || ||und|| aIT-RoPAUcIT-RoPAU aITALIANO aBunuel LuisgCodice regista SPICS: 8694 aQUELL'OSCURO OGGETTO DEL DESIDERIO aCET OBSCUR OBJET DU DESIRgT3417 aQUELL'OSCURO OGGETTO DEL DESIDERIOcProdotto da: Silberman Serge -- Sceneggiatura: Bunuel Luis Carriere Jean-Claude -- Diretto da: Bunuel LuispQUELL'OSCURO OGGETTO DEL DESIDERIO (Rif. Codice opera principale : H4676) aCET OBSCUR OBJET DU DESIR aEdizione Standard a(FRANCIA - SPAGNA)bGREENWICH FILM - IN CINE - GALAXIE / g"1977 (1° ed.: 2004 ; Ed. Lingua Orig.: nd)" aVHSbsonoro, col.c100 minuti a"Fotografia: Richard Edmond; Montaggio: Plemiannikov Helene; Musica: Wagner Richard; Sceneggiatura: Bunuel Luis Carriere Jean-Claude; Scenografia: Guffroy Pierre; " a"Rey Fernando; Bouquet Carole; Molina Angela; Bertheau Julien; Weber Andre'; Vukotic M" aMATHIEU FABER,MATURO VEDOVO, INCONTRA CASUALMENTE CONCHITA PEREZ A LOSANNAE A PARIGI, SE NE INNAMORA PAZZAMENTE. NONOSTANTE LA GENEROSITA' CON LA QUALE IN RICCO SIGNORE PROVVEDE ALLA MADRE, UNA BIGOTTA NON AVVERSA AI BIGLIETTI DI BANCA, E A LEI STESSA CHE OSPITA REGALMENTE NELLA PROPRIA VILLA DI CAMPAGNA, LA BALLERINA DI FLAMENCO VIENE SEGUITA COME UN'OMBRA DAL GIOVANE CHITARRISTA MORENITO E SI CONCEDE LIMITATAMENTE ALL'ANZIANO PROTETTORE, TENENDOLO INAPPAGATO E COSTANTEMENTE SULLA CORDA DI SENTIMENTI E DI ISTINTI FRUSTRATI. DOPO UNA ENNESIMA LITE, UN AMICO DI MATHIEU RIESCE A FAR RIMPATRIARE LE DUE PEREZ CON FOGLIO DI VIA. IL FABER, TUTTAVIA, SI RECA A SIVIGLIA ERITROVA CONCITA CHE CONDUCE IL SUO CRUDELE GIOCO ALL'ESTREMO: FATTASI REGALARE UNA SPLENDIDA CASA, FINGE DI UNIRSI CON MORENITO SOTTO GLI OCCHI DI MATHIEU. QUESTI PARTE VERSO MADRID-PARIGI E, QUANDO LA RAGAZZA APPARE ACCANTOAL TRENO, LA INONDA CON UN SECCHIO D'ACQUA. A MADRID, TUTTAVIA, VIENE COMPENSATO CON ANALOGA DOCCIA E A PARIGI I DUE CONTINUANO A BISTICCIARE NEI PRESSI DELLA SENNA, ANCORA INSIEME. (CCC) aPAL, STEREO aITALIANO aDRAMMATICOeFILMS [VHS]xCodice MATERIA SPICS: 9960 aBunuel Luis e(regista)gCodice regista SPICS: 8694 aLouys Pierre e(soggetto)gCodice Soggetto SPICS: 34063 aWagner Richarde(musica)gCodice Musica SPICS: 563